Medical microbiology / (Record no. 84978)

MARC details
000 -LEADER
fixed length control field 01103cam a22003494a 4500
001 - CONTROL NUMBER
control field 12442260
003 - CONTROL NUMBER IDENTIFIER
control field CBULib
005 - DATE AND TIME OF LATEST TRANSACTION
control field 20240506092152.0
008 - FIXED-LENGTH DATA ELEMENTS--GENERAL INFORMATION
fixed length control field 010615s2002 moua b 001 0 eng
010 ## - LIBRARY OF CONGRESS CONTROL NUMBER
LC control number 2001042766
020 ## - INTERNATIONAL STANDARD BOOK NUMBER
International Standard Book Number 0323012132 (pbk.)
035 ## - SYSTEM CONTROL NUMBER
System control number (DNLM)101120655
040 ## - CATALOGING SOURCE
Original cataloging agency DNLM/DLC
Transcribing agency DLC
Modifying agency DLC
042 ## - AUTHENTICATION CODE
Authentication code pcc
050 00 - LIBRARY OF CONGRESS CALL NUMBER
Classification number QR46
Item number .M4683 2002
060 10 - NATIONAL LIBRARY OF MEDICINE CALL NUMBER
Classification number QW 4
Item number M4862 2002
082 00 - DEWEY DECIMAL CLASSIFICATION NUMBER
Classification number 616/.01
Edition number 21
245 00 - TITLE STATEMENT
Title Medical microbiology /
Statement of responsibility, etc. Patrick R. Murray ... [et al.].
250 ## - EDITION STATEMENT
Edition statement 4th ed.
260 ## - PUBLICATION, DISTRIBUTION, ETC.
Place of publication, distribution, etc. St. Louis :
Name of publisher, distributor, etc. Mosby,
Date of publication, distribution, etc. c2002
300 ## - PHYSICAL DESCRIPTION
Extent x, 826 p. :
Other physical details ill. (some col.) ;
Dimensions 28 cm.
504 ## - BIBLIOGRAPHY, ETC. NOTE
Bibliography, etc. note Includes bibliographical references and index.
650 #0 - SUBJECT ADDED ENTRY--TOPICAL TERM
Topical term or geographic name entry element Medical microbiology.
650 12 - SUBJECT ADDED ENTRY--TOPICAL TERM
Topical term or geographic name entry element Microbiology.
650 22 - SUBJECT ADDED ENTRY--TOPICAL TERM
Topical term or geographic name entry element Microbiological Techniques.
650 22 - SUBJECT ADDED ENTRY--TOPICAL TERM
Topical term or geographic name entry element Parasitology.
700 1# - ADDED ENTRY--PERSONAL NAME
Personal name Murray, Patrick R.
906 ## - LOCAL DATA ELEMENT F, LDF (RLIN)
a 7
b cbc
c orignew
d 1
e ocip
f 20
g y-gencatlg
942 ## - ADDED ENTRY ELEMENTS (KOHA)
Source of classification or shelving scheme
Koha item type MONOGRAPH
Suppress in OPAC No
Holdings
Withdrawn status Lost status Source of classification or shelving scheme Damaged status Not for loan Collection code Home library Current library Shelving location Date acquired Inventory number Total Checkouts Barcode Date last seen Date last checked out Price effective from Koha item type
          Medical Library Collection CBU-SCHOOL OF MEDICINE LIBRARY, NDOLA. CBU-SCHOOL OF MEDICINE LIBRARY, NDOLA. General Stacks 05/06/2024 QR 46 Med 2 900506 08/06/2024 07/23/2024 05/06/2024 MONOGRAPH